| 000 | 00742cam a22002533a 4500 | ||
|---|---|---|---|
| 001 | 3329 | ||
| 003 | PGUSA | ||
| 005 | 20140828083030.0 | ||
| 008 | 020701s2002||||xxu|||||s|||||000 | eng d | ||
| 040 |
_aPGUSA _beng |
||
| 042 | _adc | ||
| 050 | 4 | _aPR | |
| 100 | 1 |
_aShaw, Bernard, _d1856-1950 |
|
| 245 | 1 | 0 |
_aCaesar and Cleopatra _h[electronic resource] / _cBernard Shaw |
| 260 |
_bProject Gutenberg, _c2002 |
||
| 506 | _aPublic domain in the USA. | ||
| 516 | _aElectronic text | ||
| 653 | _aAntonius, Marcus, 83?-30 B.C. -- Drama | ||
| 653 | _aCleopatra, Queen of Egypt, d. 30 B.C. -- Drama | ||
| 653 | _aCaesar, Julius -- Drama | ||
| 830 | 0 |
_aProject Gutenberg _v3329 |
|
| 856 | 4 | 0 | _uhttp://www.gutenberg.org/ebooks/3329 |
| 942 | _cEB | ||
| 999 |
_c232658 _d232658 |
||